Family life, serie 2

Uloženo v:
Podrobná bibliografie
Hlavní autor: Leyton, Beatriz (Autor)
Médium: Kniha
Jazyk:španělština
Vydáno: Santiago Patricia Ready Galería 2012
Témata:
Tagy: Přidat tag
Žádné tagy, Buďte první, kdo vytvoří štítek k tomuto záznamu!

MARC

LEADER 00000cam a2200000 a 4500
001 UCF3026
003 CL-VaPUC
008 120914e20120000CL |||||||||||||||||spa|d
082 0 4 |a 709.04  |b LEY  |2 21 
100 |a Leyton, Beatriz  |e author  |9 598865 
245 1 0 |a Family life, serie 2 
300 |a 19 p 
942 |c BK 
945 |d 20120914 00:00:00  |a dcastane 
260 |a Santiago  |b Patricia Ready Galería  |c 2012 
650 0 |a Arte contemporáneo chileno  |9 464579 
650 0 |a Artistas chilenos  |9 344566 
650 0 |a Artes visuales  |9 336870 
583 |a last modification  |c 20120914 00:13:00  |k Rodrigo Vera 
999 |c 349548  |d 349546 
952 |0 0  |1 0  |2 ddc  |4 0  |6 709_040000000000000_LEY_2012  |7 0  |8 R  |9 452186  |a BIBART  |b BIBART  |d 2019-11-22  |i 4904249  |o 709.04 LEY 2012  |p 4904249  |r 2025-03-13  |w 2019-11-22  |y BK_R  |k ART